书目信息 |
| 题名: |
唐诗三百首译解
|
|
| 作者: | 张国荣 著 | |
| 分册: | ||
| 出版信息: | 北京 中国文联出版公司 1997.06 |
|
| 页数: | 562页 | |
| 开本: | 32开 | |
| 丛书名: | ||
| 单 册: | ||
| 中图分类: | I222.742 | |
| 科图分类: | ||
| 主题词: | 诗歌--中国 , 韵文--中国 | |
| 电子资源: | ||
| ISBN: | 7-5059-0015-3 | |
| 000 | 00578nam0 2200205 45 | |
| 001 | 0011110813 | |
| 005 | 20001111084954.3 | |
| 010 | @a7-5059-0015-3@d25.20元 | |
| 100 | @a20001111d1997 km y0chiy0120 ea | |
| 101 | 0 | @achi |
| 105 | @a z 000yy | |
| 200 | 1 | @a唐诗三百首译解@ATang Shi San Bai Shou Yi Jie@f张国荣 著@FZhang Guo Rong Zhu |
| 210 | @a北京@c中国文联出版公司@d1997.06 | |
| 215 | @a562页@d32开 | |
| 606 | 0 | @a诗歌@x中国 |
| 606 | 0 | @a韵文@x中国 |
| 690 | @aI222.742@v3 | |
| 701 | 0 | @a张国荣@4著 |
| 801 | @aCN@bPftUser@c20001111 | |
| 905 | @b401300@dI222.742@eZH731@f1 | |
| 唐诗三百首译解/张国荣 著.-北京:中国文联出版公司,1997.06 |
| 562页;32开 |
| ISBN 7-5059-0015-3:25.20元 |
| ● |
| 相关链接 |
|
|
|
正题名:唐诗三百首译解
索取号:I222.742/ZH731
 
预约/预借
| 序号 | 登录号 | 条形码 | 馆藏地/架位号 | 状态 | 备注 |
| 1 | 401300 | 204013003 | 文学库108/108文学库 17排2列1层/ [索取号:I222.742/ZH731] | 在馆 | |
| 2 | 401639 | 204016395 | 文学库108/108文学库 17排2列1层/ [索取号:I222.742/ZH731] | 在馆 |